[Event "CUB-ch U18"]
[Site "Pinar del Rio"]
[Date "2019.07.02"]
[Round "8"]
[White "Ramos Silvera, Roberto Alejandro"]
[Black "Fernandez Garcia, Arturo"]
[Result "1/2-1/2"]
[WhiteElo "2169"]
[BlackElo "2209"]
[PlyCount "39"]
[EventDate "2019.06.28"]
[EventType "swiss"]
[EventRounds "9"]
[EventCountry "CUB"]
[SourceTitle "CBM 195 Extra"]
[Source "ChessBase"]
[SourceDate "2020.05.31"]
[SourceVersion "1"]
[SourceVersionDate "2020.05.31"]
[SourceQuality "1"]

1. e4 c5 2. Nf3 e6 3. d4 cxd4 4. Nxd4 Nc6 5. Nc3 Qc7 6. Be2 a6 7. 0-0 Nf6 8. Be3 Be7 9. f4 d6 10. a4 0-0 11. Nb3 b6 12. Bf3 Bb7 13. Qe2 Rfe8 14. Kh1 Bf8 15. Rad1 Rad8 16. Qf2 Nd7 17. g4 Nb4 18. Qg2 g6 19. g5 Bg7 20. Rd2 1/2-1/2

[Event "Havana Province-ch sf"]
[Site "Havana"]
[Date "2018.10.12"]
[Round "1"]
[White "Interian Rodriguez, Alberto de Dios"]
[Black "Fernandez Garcia, Arturo"]
[Result "0-1"]
[WhiteElo "2081"]
[BlackElo "2216"]
[PlyCount "56"]
[EventDate "2018.10.12"]
[EventType "swiss"]
[EventRounds "5"]
[EventCountry "CUB"]
[SourceTitle "EXT 2021"]
[Source "ChessBase"]
[SourceDate "2020.10.23"]
[SourceVersion "1"]
[SourceVersionDate "2020.10.23"]
[SourceQuality "1"]

1. e4 c5 2. Nf3 e6 3. d4 cxd4 4. Nxd4 Nc6 5. Nc3 Qc7 6. Be2 a6 7. 0-0 Nf6 8. Bf3 Be7 9. a3 0-0 10. Kh1 b5 11. e5 Qxe5 12. Bxc6 dxc6 13. Nxc6 Qc7 14. Nxe7+ Qxe7 15. Bg5 Bb7 16. f3 Rfd8 17. Qe1 h6 18. Bh4 Rd4 19. Bg3 Rad8 20. Be5 Rd2 21. Rc1 Nh5 22. Ne4 Bxe4 23. Qxe4 Qg5 24. g3 f6 25. Bc7 e5 26. Qe1 Rxh2+ 27. Kxh2 Rd2+ 28. Kg1 Nxg3 0-1

[Event "Artemisa Inder Anivers"]
[Site "Artemisa"]
[Date "2018.02.22"]
[Round "5.3"]
[White "Arteaga Garcia, Alejandro"]
[Black "Fernandez Garcia, Arturo"]
[Result "1/2-1/2"]
[WhiteElo "2083"]
[BlackElo "2167"]
[PlyCount "39"]
[EventDate "2018.02.20"]
[EventType "team-tourn"]
[EventRounds "10"]
[EventCountry "CUB"]
[SourceTitle "EXT 2021"]
[Source "ChessBase"]
[SourceDate "2020.10.23"]
[SourceVersion "1"]
[SourceVersionDate "2020.10.23"]
[SourceQuality "1"]
[WhiteTeam "San Antonio de los Banos"]
[BlackTeam "Havana"]
[WhiteTeamCountry "CUB"]
[BlackTeamCountry "CUB"]

1. c4 e5 2. Nc3 Nc6 3. g3 Bc5 4. Bg2 d6 5. Nf3 Nge7 6. 0-0 0-0 7. e3 a6 8. d3 Ba7 9. Rb1 f5 10. b4 Ng6 11. b5 axb5 12. cxb5 Nce7 13. Qb3+ Kh8 14. h4 Rf6 15. Ng5 Qe8 16. Bd5 h6 17. Kg2 f4 18. Rh1 Bf5 19. Nf7+ Kh7 20. Ng5+ 1/2-1/2

[Event "Havana Gilberto Garcia Memorial"]
[Site "Havana"]
[Date "2018.??.??"]
[Round "2"]
[White "Pompa Vega, Dannier De Jesus"]
[Black "Fernandez Garcia, Arturo"]
[Result "0-1"]
[WhiteElo "1915"]
[BlackElo "2105"]
[PlyCount "42"]
[EventDate "2018.03.29"]
[EventType "tourn"]
[EventRounds "9"]
[EventCountry "CUB"]
[SourceTitle "EXT 2021"]
[Source "ChessBase"]
[SourceDate "2020.10.23"]
[SourceVersion "1"]
[SourceVersionDate "2020.10.23"]
[SourceQuality "1"]

1. e4 c5 2. Nf3 e6 3. d3 Nc6 4. g3 g6 5. Bg2 Bg7 6. c3 Nge7 7. Nbd2 0-0 8. 0-0 d6 9. Ne1 b5 10. f4 Rb8 11. h4 b4 12. cxb4 Rxb4 13. Nc2 Rb8 14. Rb1 Nd4 15. Nf3 Nec6 16. Nfxd4 Nxd4 17. Be3 Qa5 18. Bxd4 Bxd4+ 19. Nxd4 cxd4 20. a3 Bd7 21. g4 Rfc8 0-1

[Event "Havana Gilberto Garcia Memorial"]
[Site "Havana"]
[Date "2018.??.??"]
[Round "7"]
[White "Portal Ramos, Cristian"]
[Black "Fernandez Garcia, Arturo"]
[Result "0-1"]
[WhiteElo "2056"]
[BlackElo "2105"]
[PlyCount "52"]
[EventDate "2018.03.29"]
[EventType "tourn"]
[EventRounds "9"]
[EventCountry "CUB"]
[SourceTitle "EXT 2021"]
[Source "ChessBase"]
[SourceDate "2020.10.23"]
[SourceVersion "1"]
[SourceVersionDate "2020.10.23"]
[SourceQuality "1"]

1. b3 d5 2. Bb2 Nf6 3. e3 c5 4. f4 Nc6 5. Bb5 Bg4 6. Nf3 e6 7. h3 Bh5 8. Bxc6+ bxc6 9. g4 Bg6 10. d3 Bd6 11. Nbd2 a5 12. Ne5 Qc7 13. Ndf3 a4 14. 0-0 a3 15. Bc3 d4 16. exd4 Nd5 17. Qd2 f6 18. dxc5 Bxc5+ 19. d4 Bd6 20. Nc4 Bxf4 21. Qe1 0-0 22. Ba5 Qb8 23. Qxe6+ Bf7 24. Qd7 Be3+ 25. Kh1 Qg3 26. Bc7 Qxh3+ 0-1

[Event "Collado Villalba 64 op 4th"]
[Site "Collado Villalba"]
[Date "2016.07.22"]
[Round "6"]
[White "Fernandez Garcia, Arturo"]
[Black "Sotoca Aguado, Jose"]
[Result "1-0"]
[WhiteElo "2044"]
[BlackElo "1879"]
[PlyCount "75"]
[EventDate "2016.07.17"]
[EventType "swiss"]
[EventRounds "9"]
[EventCountry "ESP"]
[SourceTitle "EXT 2017"]
[Source "ChessBase"]
[SourceDate "2016.10.25"]
[SourceVersion "1"]
[SourceVersionDate "2016.10.25"]
[SourceQuality "1"]

1. e4 e6 2. d3 d5 3. Nd2 c5 4. Ngf3 Nf6 5. g3 Nc6 6. Bg2 Be7 7. 0-0 0-0 8. Re1 Qc7 9. e5 Nd7 10. Qe2 b5 11. Nf1 Rb8 12. h4 Nb6 13. Bf4 d4 14. Ng5 h6 15. Nh3 Nd5 16. Bc1 Nd8 17. Qh5 f5 18. Nf4 Nxf4 19. Bxf4 Nf7 20. g4 fxg4 21. Be4 Bb7 22. Ng3 Bxe4 23. Rxe4 Qd8 24. Qxg4 Bxh4 25. Qxe6 Rb6 26. Qg4 Bxg3 27. Qxg3 Ng5 28. Bxg5 hxg5 29. e6 Qe7 30. Rae1 Rf5 31. Re5 g6 32. Rxf5 gxf5 33. Qe5 f4 34. Qf5 Kg7 35. Kg2 Rb8 36. Qe5+ Qf6 37. Qxb8 f3+ 38. Kg1 1-0

[Event "Collado Villalba 64 op 4th"]
[Site "Collado Villalba"]
[Date "2016.07.17"]
[Round "1.4"]
[White "Fernandez Garcia, Arturo"]
[Black "Del Olmo Linares, Marco"]
[Result "1-0"]
[WhiteElo "2044"]
[BlackElo "1570"]
[PlyCount "47"]
[EventDate "2016.07.17"]
[EventType "swiss"]
[EventRounds "9"]
[EventCountry "ESP"]
[SourceTitle "EXT 2017"]
[Source "ChessBase"]
[SourceDate "2016.10.25"]
[SourceVersion "1"]
[SourceVersionDate "2016.10.25"]
[SourceQuality "1"]

1. e4 e5 2. Bc4 Nc6 3. Nf3 Bc5 4. 0-0 Nf6 5. d4 Bxd4 6. Nxd4 Nxd4 7. Bg5 d6 8. f4 Bg4 9. Bxf6 Qxf6 10. Qxg4 Nxc2 11. fxe5 Qxe5 12. Rxf7 Rd8 13. Rxc7 a6 14. Qf3 Qd4+ 15. Kh1 Qf6 16. Qxf6 gxf6 17. Bf7+ Kf8 18. Rxc2 Kxf7 19. Rc7+ Ke6 20. Rxb7 Rdg8 21. Nc3 Rg4 22. h3 Rf4 23. Rd1 Rf2 24. Nd5 1-0